NBA 2021 Playoffs Starters - Statistics

General Stats
  • This quiz has been taken 4,554 times
    4,487 since last reset
  • The average score is 51 of 80
Answer Stats
Team Player % Correct
76ers Joel Embiid
97%
Bucks Giannis Antetokounmpo
96%
Nets Kevin Durant
95%
Nets Kyrie Irving
95%
Hawks Trae Young
94%
Celtics Jayson Tatum
93%
Nets James Harden
92%
Heat Jimmy Butler
92%
Lakers LeBron James
92%
Mavericks Luka Dončić
92%
Suns Devin Booker
91%
Nuggets Nikola Jokić
91%
Bucks Brook Lopez
90%
Suns Chris Paul
90%
Bucks Jrue Holiday
90%
Bucks Khris Middleton
90%
Lakers Anthony Davis
89%
Trail Blazers Damian Lillard
89%
Grizzlies Ja Morant
88%
Jazz Donovan Mitchell
87%
Jazz Rudy Gobert
87%
Heat Bam Adebayo
86%
76ers Ben Simmons
86%
Wizards Bradley Beal
86%
Nets Joe Harris
86%
Clippers Paul George
86%
Suns Deandre Ayton
85%
Clippers Kawhi Leonard
85%
76ers Tobias Harris
85%
Knicks Julius Randle
84%
Hawks Clint Capela
82%
Grizzlies Jaren Jackson Jr.
79%
Wizards Russell Westbrook
78%
Trail Blazers CJ McCollum
76%
Heat Duncan Robinson
75%
Mavericks Kristaps Porziņģis
75%
Clippers Reggie Jackson
75%
Hawks John Collins
73%
Celtics Marcus Smart
73%
Jazz Mike Conley
73%
Suns Mikal Bridges
70%
Trail Blazers Jusuf Nurkić
69%
Nuggets Michael Porter Jr.
67%
Bucks P.J. Tucker
66%
Hawks Bogdan Bogdanović
63%
Jazz Bojan Bogdanović
63%
Knicks RJ Barrett
61%
Nuggets Aaron Gordon
60%
Suns Jae Crowder
60%
Lakers Kentavious Caldwell-Pope
60%
Nets Blake Griffin
57%
76ers Danny Green
56%
Celtics Kemba Walker
56%
Grizzlies Dillon Brooks
54%
Mavericks Tim Hardaway Jr.
52%
Mavericks Dorian Finney-Smith
50%
Clippers Marcus Morris
50%
Knicks Derrick Rose
49%
Hawks Kevin Huerter
48%
76ers Seth Curry
48%
Grizzlies Jonas Valančiūnas
46%
Trail Blazers Norman Powell
45%
Heat Goran Dragić
43%
Lakers Andre Drummond
38%
Lakers Dennis Schröder
36%
Mavericks Maxi Kleber
32%
Jazz Royce O'Neale
31%
Trail Blazers Robert Covington
30%
Wizards Rui Hachimura
30%
Clippers Nicolas Batum
28%
Celtics Evan Fournier
26%
Knicks Reggie Bullock
23%
Celtics Tristan Thompson
22%
Nuggets Facundo Campazzo
20%
Wizards Dāvis Bertāns
18%
Grizzlies Kyle Anderson
18%
Knicks Taj Gibson
18%
Heat Trevor Ariza
13%
Nuggets Austin Rivers
12%
Wizards Alex Len
10%
No matching quizzes found
Score Distribution
Percent of People with Each Score
Percentile by Number Answered
Your Score History
You have not taken this quiz since the last reset